| 000 | 00377nam a22001337a 4500 | ||
|---|---|---|---|
| 005 | 20151209104617.0 | ||
| 008 | 151209b xxu||||| |||| 00| 0 eng d | ||
| 040 | _cPK-LaUMT | ||
| 082 |
_aMSC 920.9549143 _bJOS- |
||
| 245 |
_aجوش اور خامہ بگوش _cعبدالرحمن طارق(مرتب |
||
| 260 |
_aکراچی _bفضلی سنز _c[ ] |
||
| 300 | _a127 ص | ||
| 942 | _cBK | ||
| 999 |
_c80777 _d80777 |
||